Haarova miera na homogénnych priestoroch

Bibliographic Details
Main Authors: Schiesslová, Hana (Author), Šípoš, Ján (RNDr.) (Author)
Format: Article
Language:Slovak
PhysicalDescription:Lit. 5 zázn. v angl., nem., ruš.
Subjects:

MARC

LEADER 00000nab a2200000 a 4500
001 vtls000429690
003 SK-MaSNL
005 20260303174836.0
008 160204c1991 xo 0 slo
015 |a SNBRA19rr/mm-uuuuu 
035 |a CL0429818 
040 |a SNKBUCL  |b slo  |c SNKBUCL  |e AACR2 
041 0 |a slo 
044 |a xo  |c SK 
080 |a 515.12:517.518.1  |2 1981 
080 |a 517.518.1  |2 1981 
100 1 |a Schiesslová, Hana  |4 aut  |9 561566 
245 1 0 |a Haarova miera na homogénnych priestoroch  |c Hana Schiesslová, Ján Šipoš 
300 |b Lit. 5 zázn. v angl., nem., ruš. 
650 0 7 |a priestory topologické homogénne  |2 snkbucl  |9 1202797 
650 0 7 |a miera Haarova (mat.)  |2 snkbucl  |9 1202798 
655 7 |a články zo zborníkov  |2 snkbucl  |9 166140 
700 1 |a Šípoš, Ján  |c (RNDr.)  |4 aut  |9 5694 
773 0 |t Zborník vedeckých prác Stavebnej fakulty Slovenskej vysokej školy technickej v Bratislave 1987  |d Bratislava : Alfa, 1991 
850 |a Slovenská národná knižnica v Martine  |a MTA001 
852 |a SNK  |b KIS3GCP 
958 |a NB 
958 |a RK 
992 |a RZB 
999 |c 2098808  |d 2100738